Statistics for AK’s General Knowledge A-Z #2

Click here to take the quiz!

General Stats

  • This quiz has been taken 1,768 times
    (1,514 since last reset)
  • The average score is 19 of 26

Answer Stats

HintAnswer% Correct
O – Academy Award, or poet and playwright WildeOscar
94%
I – a lettuce, or something that can sink a ship (rather famously in 1912)Iceberg
92%
N – U.S. state where you can find Eiffel Tower, Caesars Palace and Luxor PyramidNevada
92%
F – to drop, or a seasonFall
91%
U – Sergio Leone’s Western film “The Good, the Bad and the ___”Ugly
90%
V – volcano that erupted and destroyed the ancient city of PompeiiMount Vesuvius
88%
A – Mozart’s middle name as he called himselfAmadé
86%
Z – country formerly known as RhodesiaZimbabwe
85%
R – in Game of Thrones, birds that are used to send messages, or a famous poem by Edgar Allan PoeRaven
84%
L – Carrie Fisher’s role in Star WarsLeia
83%
Y – Big Apple is a new version of this cathedral city in EnglandYork
83%
C – country known as Hrvatska in their own languageCroatia
80%
D – cartoon character whose nephews are Kwik, Kwek & Kwak in DutchDonald Duck
79%
T – sport played at Flushing Meadows in September and Melbourne Park in JanuaryTennis
77%
H – a success in the entertainment industry, or what Alan B. Shepard did to two golf balls on the MoonHit
76%
P – Ross, Chandler, Joey, Rachel, Monica, _____Phoebe
76%
G – a sequence of DNAGene
74%
E – country that elected its first female president in 2016Estonia
69%
M – Mao has one, Lenin has one, but the first one was built for King MausolusMausoleum
67%
S – a product that has largely replaced Walkmans, watches, navigators and landlinesSmartphone
67%
K – large desert in Botswana, Namibia and South AfricaKalahari
65%
W – John Lennon’s original middle name, given to him after a U.K. Prime MinisterWinston
62%
X – 42 in Roman numeralsXLII
55%
B – in Fortnite, this transports you to the Island at the beginning of every gameBattle Bus
44%
J – David Bowie’s real surnameJones
39%
Q – Joël Dicker novel, “The Truth About the Harry ____ Affair”Quebert
6%

Score Distribution

Percentile by Number Answered

Percent of People with Each Score

Your Score History

You have not taken this quiz since the last reset